Detekcia útokov v prostredí Internetu vecí s využitím strojového učenia

Salvato in:
Dettagli Bibliografici
Autore principale: Hanzel, Tomáš (Autore)
Altri autori: Hudec, Ladislav (Relatore della tesi)
Natura: Manoscritto Libro
Lingua:slovacco
Pubblicazione: 2024
Soggetti:
Accesso online:http://is.stuba.sk/zp/portal_zp.pl?podrobnosti=177082
Tags: Aggiungi Tag
Nessun Tag, puoi essere il primo ad aggiungerne!!

MARC

LEADER 00000ntm a22000003a 4500
001 stuzp100215
003 SK-STU
005 20240608213721.5
007 ta
008 150427s2015----xo-----f-mn---000-0-slo-d
040 |a STU  |b slo 
041 0 |a slo 
100 1 |a Hanzel, Tomáš  |u 070400  |4 aut  |U FIIT Fakulta informatiky a informačných technológií  |T FIIT Ústav počítačového inžinierstva a aplikovanej informatiky  |X 98137  |U I400  |Y 672  |7 98137 
242 0 1 |a Detection of attacks in the Internet of Things environment using machine learning  |y eng 
245 1 0 |a Detekcia útokov v prostredí Internetu vecí s využitím strojového učenia 
260 |c 2024 
650 4 |a IoT  |2 slo 
650 4 |a IDS  |2 slo 
650 4 |a strojové učenie  |2 slo 
650 4 |a informačná bezpečnosť  |2 slo 
650 4 |a IoT  |2 eng 
650 4 |a IDS  |2 eng 
650 4 |a information security  |2 eng 
650 4 |a machine learning  |2 eng 
700 1 |a Hudec, Ladislav  |u 070400  |k Z1  |4 ths  |U FIIT Fakulta informatiky a informačných technológií  |T FIIT Ústav počítačového inžinierstva a aplikovanej informatiky  |X 2081  |U I400  |Y 672  |7 2081 
856 4 |u http://is.stuba.sk/zp/portal_zp.pl?podrobnosti=177082